000 00922nam a2200205Ia 4500
999 _c37958
_d37958
001 3940
003 GE_BSU
005 20190906155330.0
008 181216s1964||||ge |||||||||||||| ||geo||
040 _cGE_BSU
041 _ageo
080 _a34(479.22)(09) ს–21
245 _aსამართალი ბატონიშვილის დავითისა /
_cტექსტი გამოსცა და გამოკვლევა დაურთო დ. ფურცელაძემ ; საქ. სსრ მეცნ. აკადემია.
264 _aთბ. :
_bმეცნიერება,
_c1964.
300 _a390 გვ.;
_b 22 სმ.
653 _aქართული სამართლის ძეგლები
700 _aფურცელაძე, დ.
_93909
710 _aსაქ. სსრ მეცნ. აკადემია
_93910
942 _cBK
_2udc